Komparácia hospodárskych a politických aspektov vládnutia V. Orbana v Maďarsku a V. Putina v Rusku bakalárska práca

Saved in:
Bibliographic Details
Main Author: Laskovič, Robert
Corporate Author: Fakulta medzinárodných vzťahov EU. Katedra medzinárodných politických vzťahov
Other Authors: Szabó, Jakub, 1996-
Format: Book
Language:Slovak
Published: Bratislava 2022
Tags: Add Tag
No Tags, Be the first to tag this record!

MARC

LEADER 00000nbm a2200000 4500
001 0285274
005 20230404091521.2
041 0 |a slo 
044 |a SK 
245 1 0 |a Komparácia hospodárskych a politických aspektov vládnutia V. Orbana v Maďarsku a V. Putina v Rusku  |b bakalárska práca  |c Robert Laskovič ; školiteľ: Jakub Szabó 
264 1 |a Bratislava  |c 2022 
300 |a 48 s. 
100 1 |a Laskovič, Robert 
700 1 |a Szabó, Jakub, 1996- 
710 2 |a Fakulta medzinárodných vzťahov EU. Katedra medzinárodných politických vzťahov